The history and evolution of security considerations in the nuclear industry; Научная инициатива иностранных студентов и аспирантов российских вузов

Podrobná bibliografie
Parent link:Научная инициатива иностранных студентов и аспирантов российских вузов.— 2019.— [С. 154-159]
Hlavní autor: Amoah P. A. Paul Atta
Korporativní autor: Национальный исследовательский Томский политехнический университет Школа базовой инженерной подготовки Отделение социально-гуманитарных наук
Další autoři: Michael Nii Sanka Ansah (научный руководитель), Loyko O. T. Olga Timofeevna
Shrnutí:Заглавие с экрана
Jazyk:angličtina
Vydáno: 2019
Edice:Актуальные проблемы социально-гуманитарных наук
Témata:
On-line přístup:http://earchive.tpu.ru/handle/11683/56569
Médium: Elektronický zdroj Kapitola
KOHA link:https://koha.lib.tpu.ru/cgi-bin/koha/opac-detail.pl?biblionumber=630273

MARC

LEADER 00000naa2a2200000 4500
001 630273
005 20231101133613.0
035 |a (RuTPU)RU\TPU\conf\31230 
035 |a RU\TPU\conf\31213 
090 |a 630273 
100 |a 20191024d2019 k y0rusy50 ba 
101 0 |a eng 
102 |a RU 
105 |a y z 101zy 
135 |a drcn ---uucaa 
181 0 |a i  
182 0 |a b 
200 1 |a The history and evolution of security considerations in the nuclear industry  |f P. A. Amoah, Michael Nii Sanka Ansah  |g sci. adv. O. T. Loyko 
203 |a Текст  |c электронный 
225 1 |a Актуальные проблемы социально-гуманитарных наук 
230 |a 1 компьютерный файл (pdf; 589 Kb) 
300 |a Заглавие с экрана 
320 |a [Библиогр.: с. 159 (6 назв.)] 
463 0 |0 (RuTPU)RU\TPU\conf\30816  |t Научная инициатива иностранных студентов и аспирантов российских вузов  |o сборник докладов IX Всероссийской научно-практической конференции, Томск, 24-26 апреля 2019 г.  |f Национальный исследовательский Томский политехнический университет (ТПУ)  |v [С. 154-159]  |d 2019 
610 1 |a электронный ресурс 
610 1 |a труды учёных ТПУ 
610 1 |a история 
610 1 |a эволюция 
610 1 |a безопасность 
610 1 |a ядерные объекты 
610 1 |a обнаружение 
610 1 |a ядерные установки 
700 1 |a Amoah  |b P. A.  |c Specialist in the field of nuclear technologies  |c Research Engineer of Tomsk Polytechnic University  |f 1983-  |g Paul Atta  |2 stltpush  |3 (RuTPU)RU\TPU\pers\46625 
701 0 |a Michael Nii Sanka Ansah 
702 1 |a Loyko  |b O. T.  |c specialist in the field of cultural studies and social communication  |c Professor of Tomsk Polytechnic University, Doctor of philosophical sciences  |f 1949-  |g Olga Timofeevna  |2 stltpush  |4 727 
712 0 2 |a Национальный исследовательский Томский политехнический университет  |b Школа базовой инженерной подготовки  |b Отделение социально-гуманитарных наук  |h 8033  |2 stltpush  |3 (RuTPU)RU\TPU\col\23512 
801 2 |a RU  |b 63413507  |c 20201008  |g RCR 
856 4 |u http://earchive.tpu.ru/handle/11683/56569 
942 |c BK